000 01314nac a22003251i 4500
003 EG-ScBUE
005 20250316091447.0
008 250316t2001 nyua f b 001 0 eng d
020 _a0471283088 (alk. paper)
020 _a9780471283089
040 _aEG-ScBUE
_beng
_erda
_cEG-ScBUE
_dEG-ScBUE
082 0 4 _a530.12
_bALT
_222
100 1 _aAlter, Orly,
_eauthor.
245 1 0 _aQuantum measurement of a single system /
_cOrly Alter, Department of Genetics, Stanford University, Yoshihisa Yamamoto.
264 1 _aNew York :
_bJohn Wiley & Sons, Inc.,
_c[2001]
264 4 _cc2001
300 _axii, 136 pages :
_billustrations (some color) ;
_c24 cm
336 _2rdacontent
_atext
_btxt
337 _aunmediated
_2rdamedia
_bn
338 _avolume
_bnc
_2rdacarrier
504 _aIncludes bibliographical references and index.
650 7 _aQuantum theory.
_2BUEsh
650 7 _aPhysical measurements.
_2BUEsh
655 _vReading book
700 1 _aYamamoto, Yoshihisa,
_eauthor.
856 4 2 _3Contributor biographical information
_uhttp://www.loc.gov/catdir/bios/wiley042/99059408.html
856 4 2 _3Publisher description
_uhttp://www.loc.gov/catdir/description/wiley034/99059408.html
856 4 2 _3Table of Contents
_uhttp://www.loc.gov/catdir/toc/onix05/99059408.html
942 _cBB
_2ddc
999 _c8526
_d8526